000 02254nam0a2200349 4500
001 RU\NLR\BIBL_A\012667182
005 20220302174730.0
010 _a978-5-9704-6324-6
_91000
021 _aRU
_bКН-П-21-055376
_9КН-П-21-4331
035 _a(NLR Aleph) 012667182
090 _a12774144
_c12774144
100 _a20211216d2021 u y0rusy50 ca
101 0 _arus
_aeng
102 _aRU
105 _a |||j|||000zy
181 0 _ai3
_baxxe
182 0 _an
200 1 _aАнглийский язык
_eполный курс
_eучебник для медицинских училищ и колледжей
_eдля использования в образовательном процессе образовательных организаций, реализующих программы среднего профессионального образования на базе основного общего образования с получением среднего образования
_fИ.Ю. Марковина, Г.Е. Громова, С.В. Полоса
203 _aТекст
_bвизуальный
_cнепосредственный
210 _aМосква
_cГЭОТАР-Медиа
_d2021
215 _a302 с.
_cтабл., цв. ил.
_d25
300 _aНа обороте тит. с. авт.: И.Ю. Марковина, канд. филол. наук, проф., Г.Е. Громова, С.В. Полоса, преподаватели
606 1 _aАнглийский язык
_xУчебные издания для медицинских работников
_92396556
_3RU\NLR\AUTH\661428849
606 1 _aАнглийский язык
_jУчебники для среднего профессионального образования
_9972309
_3RU\NLR\AUTH\6646032
686 1 _aШ143.21-93рус227
700 1 _7ca
_8rus
_aМарковина
_bИ. Ю.
_gИрина Юрьевна
_961184
_3RU\NLR\AUTH\7778256
701 1 _7ca
_8rus
_aГромова
_bГ. Е.
_gГалина Егоровна
_977935
_3RU\NLR\AUTH\7795009
701 1 _aПолоса
_bС. В.
_gСветлана Владимировна
942 _cBOOK
980 _aNB